| 000 | 01106cam a22002531i 4500 | ||
|---|---|---|---|
| 003 | SA-RiAUC | ||
| 005 | 20251001115602.0 | ||
| 008 | 250812s1990 mk g f100 0 ara c | ||
| 040 |
_aEG-CaDAJ _bara _cSA-RiAUC _erda |
||
| 082 | 0 | 4 |
_a250 _qSA-RiAUC |
| 090 |
_a250 _bن د و |
||
| 111 | 2 |
_aندوة الفقه الإسلامي _d(1988 : _cجامعة السلطان قابوس، مسقط) |
|
| 245 | 1 | 0 | _aندوة الفقه الإسلامي المنعقدة بجامعة السلطان قابوس في الفترة من 22-26 شعبان 1408 هـ / 9-13 إبريل 1988 م. |
| 250 | _aالطبعة الأولى. | ||
| 264 | 1 |
_aمسقط : _bوزارة العدل والأوقاف والشؤون الإسلامية، _c1990 |
|
| 300 |
_a1031 صفحة ؛ _c24 سم |
||
| 336 |
_aنص _btxt _2rdacontent _3كتاب |
||
| 337 |
_aبدون وسيط _bn _2rdamedia |
||
| 338 |
_aمجلد _bnc _2rdacarrier |
||
| 650 | 7 |
_aالفقه الإسلامي _vمؤتمرات _2aucsh |
|
| 710 | 2 |
_aجامعة السلطان قابوس _eمنظم. |
|
| 942 |
_2ddc _cBOOK _n0 |
||
| 949 |
_aSA-JeALM _d250812 _umohamedma123 _n1 |
||
| 999 |
_c12266 _d12266 |
||